[Event "CFriend AM-2004-0-00012 email"]
[Site "Chessfriend.com"]
[Date "2004.06.25"]
[Round "?"]
[White "Edighoffer, Harold H"]
[Black "Schulze, Michael"]
[Result "1-0"]
[WhiteElo "2320"]
[BlackElo "2344"]
[PlyCount "33"]
[EventDate "2004.??.??"]
[EventType "tourn (corr)"]
[EventRounds "12"]
[SourceTitle "Corr 2008"]
[Source "ChessBase"]
[SourceDate "2008.06.24"]
[SourceVersion "1"]
[SourceVersionDate "2008.06.24"]
[SourceQuality "1"]

1. e4 e6 2. d4 d5 3. Nd2 c5 4. Ngf3 cxd4 5. exd5 Qxd5 6. Bc4 Qd6 7. 0-0 Nf6 8. Nb3 Nc6 9. Bg5 Bd7 10. Qe2 Be7 11. Rad1 h6 12. Bh4 Qf4 13. Nbxd4 g5 14. Bg3 Qe4 15. Qd2 Nxd4 16. Nxd4 e5 17. Qc3 1-0

[Event "CFriend AM-2003-0-00009 email"]
[Site "Chessfriend.com"]
[Date "2003.10.31"]
[Round "1"]
[White "Neuer, Thomas"]
[Black "Edighoffer, Harold H"]
[Result "1/2-1/2"]
[WhiteElo "2397"]
[BlackElo "2345"]
[PlyCount "73"]
[EventDate "2003.??.??"]
[EventType "tourn (corr)"]
[EventRounds "12"]
[SourceTitle "Corr 2008"]
[Source "ChessBase"]
[SourceDate "2008.06.24"]
[SourceVersion "1"]
[SourceVersionDate "2008.06.24"]
[SourceQuality "1"]

1. e4 e5 2. Nf3 Nc6 3. Bb5 a6 4. Ba4 Nf6 5. 0-0 d6 6. Re1 b5 7. Bb3 Be7 8. c3 0-0 9. h3 Na5 10. Bc2 c5 11. d4 cxd4 12. cxd4 Bb7 13. Nbd2 Rc8 14. d5 Qc7 15. Bb1 Nd7 16. Nf1 f5 17. exf5 Nc4 18. Ne3 Kh8 19. a3 Ncb6 20. Ba2 Bf6 21. Re2 Qb8 22. Nd2 Nc5 23. b4 Nca4 24. Ne4 Nc3 25. Nxc3 Rxc3 26. Bb2 Na4 27. Bxc3 Nxc3 28. Qd2 Nxe2+ 29. Qxe2 Qc7 30. Bb3 Qc3 31. Rb1 Bg5 32. a4 Qxb4 33. Bc2 Qc3 34. axb5 axb5 35. Qxb5 Bxe3 36. fxe3 Qxc2 37. Qxb7 1/2-1/2